| 000 | 01303pam a2200337 a 4500 | ||
|---|---|---|---|
| 001 | 4850326 | ||
| 003 | SISC | ||
| 005 | 20160308093009.0 | ||
| 008 | 910118s1991 mdu b 001 0 eng | ||
| 010 | _a 91007632 | ||
| 020 | _a0819182079 (cloth : alk. paper) | ||
| 020 | _a0819182087 (pbk. : alk. paper) | ||
| 040 |
_aDLC _cDLC _dDLC |
||
| 043 | _aa-ph--- | ||
| 050 | 0 | 0 |
_aPL 6053 _b.B7 1991 |
| 100 | 1 |
_aBresnahan, Mary Isabelle. _930741 |
|
| 245 | 1 | 0 |
_aFinding our feet : _bunderstanding crosscultural discourse / _cMary I. Bresnahan. |
| 260 |
_aLanham : _bUniversity Press of America, _cc1991. |
||
| 300 |
_a214 p. : _c23 cm. |
||
| 600 | 0 | 0 |
_aHernandez, Amado V. _tLuha ng buwaya. _930742 |
| 650 | 0 |
_aTagalog language _xDiscourse analysis. _930743 |
|
| 650 | 0 |
_aTagalog fiction _y20th century _xHistory and criticism. _930744 |
|
| 650 | 0 |
_aIntercultural communication _zPhilippines. _930745 |
|
| 650 | 0 |
_aCommunication and culture _zPhilippines. _930746 |
|
| 650 | 0 |
_aSociolinguistics _zPhilippines. _930747 |
|
| 650 | 0 |
_aPhilippine literature _xHistory and criticism. _930748 |
|
| 906 |
_a7 _bcbc _corignew _d1 _eocip _f19 _gy-gencatlg |
||
| 942 |
_2lcc _cBK |
||
| 999 |
_c42442 _d42442 |
||